000 00499nam a2200169Ia 4500
008 210719s1998 xx 000 0 und d
020 _a81-7371-121-6
041 _aeng
082 _a511.66KAK TIKS
100 _aTIKHOMIROV (V M)
245 _aStories about maxima and minima.
260 _aHyderabad
_bUniversities Press
_c1998
300 _axi,187
_bPB
365 _b175
_cRs
650 _aMathematics
906 _aMaximum Minimum Dido Maxima Minima Kepler Brachistochrone Newton Aerodynamical
999 _c213813
_d213813